Classifica Pallone d'Oro 2021 - Statistics

Statistiche generali
  • Questo quiz è stato fatto 104 volte
  • Il punteggio medio è 27 su 30
Statistiche sulle risposte
Punti Nazione Squadra Calciatore % Corretto
178 Portogallo Juventus / Manchester United Cristiano Ronaldo
100%
613 Argentina Barcellona / Paris Saint-Germain Lionel Messi
100%
73 Belgio Manchester City Kevin De Bruyne
99%
121 Egitto Liverpool Mohamed Salah
99%
580 Polonia Bayern Monaco Robert Lewandowski
99%
239 Francia Real Madrid Karim Benzema
98%
58 Francia Paris Saint-Germain Kylian Mbappé
96%
0 Croazia Real Madrid Luka Modrić
96%
33 Norvegia Borussia Dortmund Eling Haaland
95%
460 Brasile / Italia Chelsea Jorginho
95%
9 Brasile Paris Saint-Germain Naymar
95%
26 Belgio Inter / Chelsea Romelu Lukaku
95%
26 Italia Juventus Giorgio Chiellini
94%
18 Italia Juventus Leonardo Bonucci
94%
4 Inghilterra Tottenham Harry Kane
93%
6 Argentina Inter Lautaro Martínez
93%
7 Algeria Manchester City Riyad Mahrez
93%
36 Italia Milan / Paris Saint-Germain Gianluigi Donnarumma
92%
186 Francia Chelsea N'Golo Kanté
92%
1 Italia Inter Nicolò Barella
90%
8 Uruguay Atletico Madrid Luis Suárez
88%
8 Danimarca Milan Simon Kjær
87%
2 Inghilterra Manchester City Phil Foden
86%
6 Portogallo Manchester United Bruno Fernandes
83%
3 Spagna Barcellona Pedri
80%
1 Portogallo Manchester City Rúben Dias
75%
10 Inghilterra Manchester City Raheem Sterling
67%
1 Spagna Villarreal Gerard Moreno
63%
0 Spagna Chelsea César Azpilicueta
57%
7 Inghilterra Chelsea Mason Mount
56%
Nessun quiz corrispondente trovato
Distribuzione punteggi
Percentuale di utenti per punteggio
Percentile per numero di risposta
I tuoi punteggi nel tempo
Non hai fatto questo quiz